1844 1685 1231 1462 1057 1133 1424 1824 1211 1396 1918 1427 1423 1934 1732 1168 1957 1437 1825 1251 1329 1357 1114 1305 1665 1157 1689 1414 1812 1453 1380 1118 1475 1524 1454 1182 1158 1537 1720 1599 1543 1967 1341 1343 1729 1697 1417 1444 1370 1193 1744 1608 1916 1175 1987 1019 1530 1760 1366 1024 1899 1202 1536 1208 1616 1731 1777 1261 1483 1327 1210 1999 1331 1612 1861 1793 1357 1074 1642 1801 1684 1617 1870 1152 1314 1823 1826 1265 1579 1856 1513 1198 1643 1765 1555 1543 1095 1700 1036 BCNSPRNW ULIB Ver.6.0+V

เปลี่ยนเป็นภาษาไทย

Change to English
 แสดงรายละเอียดบรรณานุกรม
  กลับหน้าหลัก

Brief Record : Get Marc (ISO 2709) : E-mail record : QR code < ปิดหน้าต่าง
LEADER : 00000nam 2200000uu 4500
001    13399122086
003     ULIB
008    121225s2550||||th 000 0 tha d
020    ^a9789749935187
090    ^aนว.^bป337ช
100    ^aประภัสสร เสวิกุล.
245    ^aชี้ค /^cประภัสสร เสวิกุล.
250    ^aพิมพ์ครั้งที่ 28
260    ^aกรุงเทพฯ :^bอรุณ,^c2550
300    ^a549 หน้า
945    ^p355^l0^i022035
999    ^aทศพร
รายการนี้ยังไม่มีแท็ก
คุณยังไม่ได้ล็อกอิน คุณสามารถมีกิจกรรมร่วมกับเว็บไซต์ได้ แต่ต้องล็อกอินก่อน ::
  ล็อกอิน

รายการสื่อสารสนเทศ

ลำดับที่ ประเภท เลขเรียก/บาร์โค้ด สถานที่ สถานะ
1. นวนิยาย
นวนิยาย
นว. ป337ช  
  Barcode: 022035
ห้องสมุดวิทยาเขตสวรรค์ประชารักษ์
►นวนิยาย
บนชั้น
  ขอยืม

BibComment


ยังไม่เคยถูกคอมเมนท์

คอมเมนท์ทรัพยากรรายการนี้
  คอมเมนท์: ชี้ค ประภัสสร เ..


 Copyright 2026. Bcnsprnw @Library